[Event "DEM U12/U12w 2000"]
[Site "Überlingen GER"]
[Date "2000.06.09"]
[Round "10"]
[White "Blome, Thomas"]
[Black "Brener, Ilja"]
[Result "1/2-1/2"]
[Termination "normal"]
[Board "10"]
[WhiteElo "1465"]
[BlackElo "1701"]
[PlyCount "90"]
[BlackFideId "4688201"]
[EventCountry "GER"]
[EventRounds "11"]
[EventType "swiss"]
[EventDate "2000.06.03"]

1. Nf3 d5 2. g3 c6 3. Bg2 Bg4 4. O-O Nd7 5. d3 e5 6. e4 dxe4 7. dxe4 Bc5 8. c3
a5 9. Nbd2 Ngf6 10. Qc2 O-O 11. Nc4 Qc7 12. Bg5 Bxf3 13. Bxf3 h6 14. Bxf6 Nxf6
15. Rad1 b5 16. Ne3 Bxe3 17. fxe3 Qb6 18. Qe2 Rfd8 19. Kf2 Kf8 20. Rxd8+ Rxd8
21. Rd1 Ke7 22. Rd2 a4 23. a3 Rxd2 24. Qxd2 Qd8 25. Qxd8+ Kxd8 26. Ke2 Kc7 27.
Kd3 Nd7 28. c4 Kd6 29. cxb5 cxb5 30. h4 Nb6 31. Kc3 Kc5 32. Be2 Nc8 33. g4 Nd6
34. Bd3 g5 35. hxg5 hxg5 36. b4+ axb3 37. Kxb3 Ne8 38. Be2 Nf6 39. Bf3 Kc6 40.
Kc3 Kc5 41. Kb3 Ne8 42. Be2 Nc7 43. Kc3 Ne8 44. Kb3 Nd6 45. Bd3 Nb7 1/2-1/2

[Event "DEM U12/U12w 2000"]
[Site "Überlingen GER"]
[Date "2000.06.09"]
[Round "10"]
[White "Feuerstack, Aljoscha"]
[Black "Horstmann, Sven"]
[Result "1-0"]
[Termination "normal"]
[Board "11"]
[WhiteElo "1543"]
[BlackElo "1252"]
[PlyCount "93"]
[WhiteFideId "4681932"]
[EventCountry "GER"]
[EventRounds "11"]
[EventType "swiss"]
[EventDate "2000.06.03"]

1. e4 e6 2. d4 d5 3. Nc3 Bb4 4. e5 Ne7 5. a3 Bxc3+ 6. bxc3 c5 7. Nf3 Nbc6 8.
Bd3 Qa5 9. Bd2 c4 10. Be2 Bd7 11. O-O f6 12. Rb1 O-O-O 13. Qc1 Qc7 14. Re1 h6
15. Qb2 f5 16. h3 g5 17. Nh2 Rdg8 18. Qa2 Nd8 19. Nf1 h5 20. Rb2 h4 21. Ne3 Be8
22. f3 Rg7 23. a4 Rhg8 24. a5 Ng6 25. Reb1 Nf4 26. Bd1 Bh5 27. Kh1 Kb8 28. a6
b6 29. Qa4 Qd7 30. Qa5 Ka8 31. Qa3 Nf7 32. Rb5 Nh6 33. Qa4 g4 34. fxg4 fxg4 35.
Bxg4 Bxg4 36. hxg4 Nxg4 37. Nxg4 Rxg4 38. Bxf4 Rxf4 39. Rg1 Qg7 40. Rbb1 Qc7
41. Rbf1 Rfg4 42. Qb4 h3 43. Rf8+ Qb8 44. Rxb8+ Kxb8 45. Qd6+ Kc8 46. Qxe6+ Kb8
47. g3 1-0

[Event "DEM U12/U12w 2000"]
[Site "Überlingen GER"]
[Date "2000.06.09"]
[Round "10"]
[White "Fervers, Lukas"]
[Black "Christiansen, Claes"]
[Result "1/2-1/2"]
[Termination "normal"]
[Board "13"]
[WhiteElo "1359"]
[BlackElo "1248"]
[PlyCount "53"]
[EventCountry "GER"]
[EventRounds "11"]
[EventType "swiss"]
[EventDate "2000.06.03"]

1. e4 c5 2. Nf3 d6 3. d4 cxd4 4. Nxd4 Nf6 5. Nc3 g6 6. Be3 Bg7 7. Be2 O-O 8.
O-O Nc6 9. f4 Bd7 10. Nb3 a6 11. Bf3 Rb8 12. Rb1 b5 13. Qe2 Na5 14. Nxa5 Qxa5
15. e5 Ne8 16. Rfd1 Be6 17. Bd5 Kh8 18. b4 Qc7 19. Bd4 dxe5 20. fxe5 Qd7 21.
Bb3 Bg4 22. Qe3 Bxd1 23. Rxd1 Qg4 24. h3 Qh4 25. Kh1 Nc7 26. Ne4 Rbd8 27. Rf1
1/2-1/2

[Event "DEM U12/U12w 2000"]
[Site "Überlingen GER"]
[Date "2000.06.09"]
[Round "10"]
[White "Hofmann, Annett"]
[Black "Ollenberger, Roland"]
[Result "0-1"]
[Termination "normal"]
[Board "14"]
[WhiteElo "1326"]
[BlackElo "1457"]
[PlyCount "116"]
[WhiteFideId "24603759"]
[BlackFideId "24608440"]
[EventCountry "GER"]
[EventRounds "11"]
[EventType "swiss"]
[EventDate "2000.06.03"]

1. e4 e6 2. d4 d5 3. Nc3 Bb4 4. e5 Ne7 5. a3 Bxc3+ 6. bxc3 c5 7. Nf3 Qb6 8. Be3
cxd4 9. cxd4 O-O 10. c4 dxc4 11. Bxc4 Nf5 12. Qd2 Nxe3 13. Qxe3 Nc6 14. O-O Ne7
15. Qe4 Bd7 16. Rfb1 Qc7 17. Qxb7 Qxc4 18. Qxd7 Nf5 19. Rc1 Qb3 20. Qc7 Qd5 21.
Qc5 Rfd8 22. Rd1 h6 23. Rab1 Kh7 24. Rb5 Qxc5 25. Rxc5 Rd7 26. d5 Rad8 27. d6
Ne7 28. Rdc1 Nd5 29. Nd4 Nf4 30. Rc7 Nd3 31. Rxd7 Rxd7 32. Rc7 Nxe5 33. Rxd7
Nxd7 34. f4 Kg8 35. Nc6 a6 36. Ne5 Nxe5 37. fxe5 Kf8 38. Kf2 Ke8 39. Ke3 Kd7
40. Kd4 f6 41. exf6 gxf6 42. Kc5 f5 43. g3 h5 44. h4 e5 45. Kd5 e4 46. Kd4 Kxd6
47. a4 Kc6 48. Kc4 Kd6 49. Kd4 Ke6 50. Ke3 Ke5 51. a5 Ke6 52. Kf4 Kf6 53. Ke3
Ke5 54. Ke2 Kd4 55. Kd2 e3+ 56. Ke2 Ke4 57. Ke1 Kf3 58. Kf1 Kxg3 0-1

[Event "DEM U12/U12w 2000"]
[Site "Überlingen GER"]
[Date "2000.06.09"]
[Round "10"]
[White "Babczyk, Adrian"]
[Black "Lörincz, Benjamin"]
[Result "1-0"]
[Termination "normal"]
[Board "15"]
[WhiteElo "1407"]
[BlackElo "1137"]
[PlyCount "119"]
[WhiteFideId "24608700"]
[EventCountry "GER"]
[EventRounds "11"]
[EventType "swiss"]
[EventDate "2000.06.03"]

1. e4 d5 2. exd5 Qxd5 3. Nc3 Qa5 4. d4 Nf6 5. Bc4 c6 6. Bd2 Bf5 7. Nd5 Qd8 8.
Nxf6+ gxf6 9. Nf3 e6 10. Be3 Nd7 11. Bd3 Qc7 12. Bxf5 exf5 13. Qe2 O-O-O 14.
O-O-O Re8 15. Qd3 f4 16. Bd2 Bh6 17. Rde1 Qd8 18. Qf5 Kb8 19. Bxf4+ Bxf4+ 20.
Qxf4+ Ka8 21. Rxe8 Rxe8 22. Re1 Re7 23. Rxe7 Qxe7 24. Qc7 Qe8 25. Kd2 Nb6 26.
b3 Nd5 27. Qd6 Nb6 28. Qxf6 Nd5 29. Qe5 Qxe5 30. Nxe5 f6 31. Ng4 f5 32. Ne3 Ne7
33. c4 Kb8 34. f4 Kc7 35. Kd3 Kd6 36. c5+ Ke6 37. b4 b6 38. cxb6 axb6 39. a4
Nc8 40. a5 bxa5 41. bxa5 Na7 42. Kc4 h6 43. d5+ cxd5+ 44. Nxd5 Nc6 45. a6 Na5+
46. Kb5 Kxd5 47. a7 Nb3 48. a8=Q+ Kd4 49. Qa4+ Ke3 50. Qxb3+ Kxf4 51. Qf3+ Kg5
52. Kc5 h5 53. h4+ Kf6 54. Kd6 Kg6 55. Ke6 Kg7 56. Qxf5 Kg8 57. Qf7+ Kh8 58.
Qe7 Kg8 59. Kf6 Kh8 60. Qg7# 1-0

[Event "DEM U12/U12w 2000"]
[Site "Überlingen GER"]
[Date "2000.06.09"]
[Round "10"]
[White "Ritscher, Martin"]
[Black "Köhn, Kai-Uwe"]
[Result "1/2-1/2"]
[Termination "normal"]
[Board "16"]
[WhiteElo "1098"]
[BlackElo "1389"]
[PlyCount "67"]
[EventCountry "GER"]
[EventRounds "11"]
[EventType "swiss"]
[EventDate "2000.06.03"]

1. e4 c6 2. d4 d5 3. exd5 cxd5 4. Nf3 Nc6 5. Nc3 Bg4 6. Be2 e6 7. O-O Nf6 8.
Bg5 Be7 9. h3 Bh5 10. Ne5 Bxe2 11. Nxe2 O-O 12. f4 Ne4 13. Bxe7 Qxe7 14. c3
Rab8 15. Qe1 Nxe5 16. fxe5 b5 17. Ng3 Nxg3 18. Qxg3 b4 19. Rf4 bxc3 20. bxc3
Rb7 21. Rg4 f5 22. Rf4 Rfb8 23. Rff1 Rb2 24. a4 R8b3 25. Qf3 Rc2 26. Rfc1 Rd2
27. Qe3 Rbb2 28. Qg3 Qb7 29. Rf1 Qa6 30. Rab1 Qe2 31. Rxb2 Rxb2 32. Qf2 Qxf2+
33. Rxf2 Rb3 34. Rc2 1/2-1/2

[Event "DEM U12/U12w 2000"]
[Site "Überlingen GER"]
[Date "2000.06.09"]
[Round "10"]
[White "Rathke, Jens"]
[Black "Aghadjanian, Aida"]
[Result "0-1"]
[Termination "normal"]
[Board "19"]
[WhiteElo "1257"]
[BlackElo "1039"]
[PlyCount "82"]
[EventCountry "GER"]
[EventRounds "11"]
[EventType "swiss"]
[EventDate "2000.06.03"]

1. e4 e6 2. d4 d5 3. e5 Ne7 4. Nf3 Ng6 5. Be2 c5 6. c3 Nc6 7. a3 Be7 8. O-O O-O
9. b4 c4 10. Be3 f6 11. exf6 Bxf6 12. a4 e5 13. b5 Nce7 14. dxe5 Nxe5 15. Nd4
Nf5 16. Nd2 Bg5 17. Bxg5 Qxg5 18. f4 Qg6 19. fxe5 Ne3 20. Bf3 Nxd1 21. Bxd5+
Be6 22. Rxf8+ Kxf8 23. Nxe6+ Ke7 24. Rxd1 Qc2 25. Bf3 Kxe6 26. Bg4+ Ke7 27.
Nxc4 Rd8 28. Rf1 Qe4 29. Bh3 Qxc4 30. e6 Rf8 31. Rd1 Qc5+ 32. Kh1 Qd6 33. Re1
Qd2 34. Rg1 Qe2 35. g3 Qe4+ 36. Bg2 Qxe6 37. Bxb7 Qe2 38. Bg2 Rd8 39. h3 Rd1
40. Rxd1 Qxd1+ 41. Kh2 Qxa4 0-1

[Event "DEM U12/U12w 2000"]
[Site "Überlingen GER"]
[Date "2000.06.09"]
[Round "10"]
[White "Bayer, Marius"]
[Black "Großmann, Susan"]
[Result "1-0"]
[Termination "normal"]
[Board "20"]
[WhiteElo "1234"]
[BlackElo "1022"]
[PlyCount "79"]
[BlackFideId "24608220"]
[EventCountry "GER"]
[EventRounds "11"]
[EventType "swiss"]
[EventDate "2000.06.03"]

1. e4 d6 2. d4 Nf6 3. Nc3 g6 4. Bc4 Bg7 5. Qe2 c6 6. e5 dxe5 7. dxe5 Nd5 8. Bd2
O-O 9. h3 Be6 10. O-O-O Nxc3 11. Bxc3 Bxc4 12. Qxc4 Qc7 13. f4 Rd8 14. Nf3 Nd7
15. Kb1 Nb6 16. Qe4 Nd5 17. Rd3 a5 18. g4 e6 19. h4 b5 20. h5 a4 21. hxg6 fxg6
22. Ng5 Qe7 23. Nxh7 Qe8 24. Nf6+ Nxf6 25. exf6 Rxd3 26. Qxd3 Rd8 27. Qh3 Qd7
28. Qh7+ Kf8 29. Qxg7+ Qxg7 30. fxg7+ Kf7 31. a3 c5 32. Rh8 Rxh8 33. gxh8=Q Ke7
34. Qf6+ Kd7 35. Qxg6 c4 36. Bb4 Kc7 37. Qxe6 Kb7 38. Ba5 Kb8 39. Qd7 b4 40.
Qc7+ 1-0

[Event "DEM U12/U12w 2000"]
[Site "Überlingen GER"]
[Date "2000.06.09"]
[Round "10"]
[White "Berner, Stephan"]
[Black "Colloseus, Christian"]
[Result "0-1"]
[Termination "normal"]
[Board "21"]
[WhiteElo "1076"]
[BlackElo "1231"]
[PlyCount "132"]
[WhiteFideId "24613126"]
[EventCountry "GER"]
[EventRounds "11"]
[EventType "swiss"]
[EventDate "2000.06.03"]

1. b4 a6 2. Bb2 d5 3. Nf3 Bf5 4. e3 e6 5. c4 f6 6. a3 dxc4 7. Bxc4 c5 8. bxc5
Bxc5 9. Qb3 Qb6 10. Qxb6 Bxb6 11. Nc3 Ne7 12. O-O Nd7 13. Nh4 e5 14. Nxf5 Nxf5
15. Nd5 Nd6 16. Nxb6 Nxb6 17. Ba2 Nf7 18. Rac1 O-O 19. d4 Kh8 20. Bxf7 Na4 21.
Ba1 Rxf7 22. dxe5 fxe5 23. Bxe5 Nb6 24. Bd4 Nd5 25. Rfd1 Rd7 26. h3 Rad8 27.
Re1 Kg8 28. Re2 Ne7 29. Rec2 Nc6 30. Bb2 Rd2 31. f3 h6 32. e4 Rxc2 33. Rxc2 Nd4
34. Bxd4 Rxd4 35. Rb2 b5 36. Rb4 Rd1+ 37. Kf2 Rd2+ 38. Kg3 Ra2 39. Rb3 Kf7 40.
Rc3 a5 41. f4 b4 42. axb4 axb4 43. Rc1 Rb2 44. Kf3 b3 45. g4 Rc2 46. Rb1 Rc3+
47. Ke2 Rxh3 48. Kd2 Rg3 49. Ke2 Rxg4 50. Kf3 Rh4 51. Kg3 g5 52. Rxb3 Rxf4 53.
Rf3 Rxf3+ 54. Kxf3 Ke6 55. Kg4 Ke5 56. Kf3 h5 57. Kg3 Kxe4 58. Kh3 Kf3 59. Kh2
g4 60. Kg1 h4 61. Kf1 h3 62. Kg1 g3 63. Kh1 g2+ 64. Kg1 h2+ 65. Kxh2 Kf2 66.
Kh3 g1=Q 0-1

[Event "DEM U12/U12w 2000"]
[Site "Überlingen GER"]
[Date "2000.06.09"]
[Round "10"]
[White "Cara, Bogdan"]
[Black "Herkt, Julia"]
[Result "1-0"]
[Termination "normal"]
[Board "23"]
[WhiteElo "1376"]
[BlackElo "1015"]
[PlyCount "63"]
[EventCountry "GER"]
[EventRounds "11"]
[EventType "swiss"]
[EventDate "2000.06.03"]

1. e4 c5 2. c3 d5 3. exd5 Qxd5 4. d4 cxd4 5. cxd4 Nc6 6. Nf3 Bg4 7. Be3 Nf6 8.
Nc3 Qd7 9. Be2 g6 10. d5 Bxf3 11. gxf3 a6 12. dxc6 Qxc6 13. Qc2 b5 14. O-O-O
Rc8 15. Rd2 Bg7 16. Kb1 O-O 17. a3 Ng4 18. Na2 Qe6 19. Qe4 Qxe4+ 20. fxe4 Nxe3
21. fxe3 Bh6 22. Rd3 Rc7 23. Rc1 Rfc8 24. Rxc7 Rxc7 25. Nc3 e6 26. Kc2 Kg7 27.
Kd2 Kf6 28. Nd1 Ke5 29. Nf2 Bg5 30. Ng4+ Kxe4 31. Rd4+ Kf5 32. Bd3# 1-0

[Event "DEM U12/U12w 2000"]
[Site "Überlingen GER"]
[Date "2000.06.09"]
[Round "10"]
[White "Kulakov, Yurij"]
[Black "Elstner, Eik"]
[Result "1/2-1/2"]
[Termination "normal"]
[Board "24"]
[WhiteElo "1338"]
[BlackElo "1027"]
[PlyCount "44"]
[BlackFideId "24605581"]
[EventCountry "GER"]
[EventRounds "11"]
[EventType "swiss"]
[EventDate "2000.06.03"]

1. e4 e5 2. Nf3 Nc6 3. Bb5 d6 4. Bxc6+ bxc6 5. O-O Nf6 6. Nc3 g6 7. d3 Bg7 8.
Bg5 h6 9. Be3 O-O 10. Qd2 Kh7 11. g3 Re8 12. Nh4 d5 13. Bc5 Ba6 14. Rfd1 Nd7
15. Ba3 Nf6 16. Ng2 Rb8 17. Re1 Qd7 18. Nh4 Rb7 19. Na4 Rbb8 20. Nc5 Qc8 21.
Qa5 Rb6 22. Kg2 Nd7 1/2-1/2

[Event "DEM U12/U12w 2000"]
[Site "Überlingen GER"]
[Date "2000.06.09"]
[Round "10"]
[White "Mader, Michael"]
[Black "Nolting, Christoph"]
[Result "1/2-1/2"]
[Termination "normal"]
[Board "25"]
[WhiteElo "949"]
[BlackElo "1251"]
[PlyCount "75"]
[WhiteFideId "4696913"]
[EventCountry "GER"]
[EventRounds "11"]
[EventType "swiss"]
[EventDate "2000.06.03"]

1. e4 Nf6 2. e5 Nd5 3. d4 d6 4. c4 Nb6 5. Nf3 Bg4 6. h3 Bh5 7. Be2 dxe5 8. Nxe5
Bxe2 9. Kxe2 f6 10. c5 Nd5 11. Qb3 b6 12. Qb5+ Nd7 13. Nxd7 Qxd7 14. Qxd7+ Kxd7
15. cxb6 cxb6 16. Nc3 Nxc3+ 17. bxc3 Rc8 18. Bb2 e6 19. Rab1 Bd6 20. Kd3 Rhe8
21. Rhe1 e5 22. Re4 exd4 23. Rxd4 Kc7 24. Rc4+ Kb7 25. Rxc8 Rxc8 26. Re1 Rd8
27. Kc2 Bc5 28. g4 Rd7 29. f4 b5 30. Rd1 Rxd1 31. Kxd1 Kc6 32. Ke2 Kd5 33. Kd3
g6 34. Bc1 Bd6 35. Be3 a6 36. Bd4 Bxf4 37. Bxf6 Be5 38. Be7 1/2-1/2

[Event "DEM U12/U12w 2000"]
[Site "Überlingen GER"]
[Date "2000.06.09"]
[Round "10"]
[White "Scholtes, Benedikt"]
[Black "Klink, Otto"]
[Result "1/2-1/2"]
[Termination "normal"]
[Board "26"]
[WhiteElo "1223"]
[BlackElo "882"]
[PlyCount "97"]
[WhiteFideId "24675423"]
[EventCountry "GER"]
[EventRounds "11"]
[EventType "swiss"]
[EventDate "2000.06.03"]

1. c4 e5 2. e4 Nf6 3. d3 Bc5 4. Nc3 Nc6 5. g3 d6 6. h3 Be6 7. Nf3 h6 8. Bg2 Qd7
9. Nd5 O-O-O 10. Be3 Bxe3 11. fxe3 Ne7 12. Qb3 Kb8 13. Nh4 c6 14. Nxe7 Qxe7 15.
Rf1 Qd7 16. g4 d5 17. O-O-O dxe4 18. dxe4 Qc7 19. Nf5 g6 20. Ng3 Nd7 21. Qb4
Nb6 22. b3 c5 23. Qc3 Rd7 24. Rxd7 Nxd7 25. Ne2 Ka8 26. Nf4 Rf8 27. Nd5 Qd6 28.
Rd1 Kb8 29. Nf6 Qc7 30. Nxd7+ Bxd7 31. b4 cxb4 32. Qxb4 Rc8 33. Kb2 Be6 34. Rc1
Qd7 35. Bf1 h5 36. gxh5 gxh5 37. h4 Qd8 38. Qc3 Qf6 39. Be2 Ka8 40. Bxh5 Rxc4
41. Qe1 Rxe4 42. Qc3 a6 43. Be2 Qxh4 44. Bxa6 Qf2+ 45. Rc2 Qxe3 46. Bd3 Qb6+
47. Kc1 Re3 48. Qa3+ Qa7 49. Qf8+ 1/2-1/2

[Event "DEM U12/U12w 2000"]
[Site "Überlingen GER"]
[Date "2000.06.09"]
[Round "10"]
[White "Hummel, Helmut"]
[Black "Becker, Nils"]
[Result "0-1"]
[Termination "normal"]
[Board "27"]
[WhiteElo "682"]
[BlackElo "1178"]
[PlyCount "44"]
[BlackFideId "4695216"]
[EventCountry "GER"]
[EventRounds "11"]
[EventType "swiss"]
[EventDate "2000.06.03"]

1. e4 c5 2. Nf3 Nc6 3. d4 cxd4 4. Nxd4 g6 5. Nc3 Bg7 6. Be3 Nf6 7. Bc4 O-O 8.
Qd2 Nxe4 9. Nxe4 d5 10. Bxd5 Qxd5 11. Nxc6 Qxe4 12. Nd4 Qxg2 13. O-O-O Qh3 14.
Qb4 e5 15. Nb3 b6 16. Qe4 Bf5 17. Qb7 Bg4 18. Rd3 Bf3 19. Bd2 Bxb7 20. Rxh3
Bxh1 21. f3 Bg2 22. Rg3 Bf1 0-1

[Event "DEM U12/U12w 2000"]
[Site "Überlingen GER"]
[Date "2000.06.09"]
[Round "10"]
[White "Backes, Marco"]
[Black "Schiwarth, Nino"]
[Result "0-1"]
[Termination "normal"]
[Board "28"]
[WhiteElo "842"]
[BlackElo "1096"]
[PlyCount "120"]
[EventCountry "GER"]
[EventRounds "11"]
[EventType "swiss"]
[EventDate "2000.06.03"]

1. e4 c5 2. Nf3 d6 3. d4 cxd4 4. Nxd4 Nf6 5. Nc3 g6 6. Be3 Bg7 7. Be2 Nc6 8.
O-O O-O 9. Qd2 a6 10. f3 Bd7 11. Rad1 Rc8 12. Nb3 Ne5 13. Nd5 Be6 14. Nxf6+
Bxf6 15. Nd4 Bd7 16. f4 Nc4 17. Bxc4 Rxc4 18. b3 Rc7 19. Nf3 Qc8 20. e5 Rxc2
21. Rc1 Rxd2 22. Rxc8 Rxc8 23. Bxd2 dxe5 24. fxe5 Bg7 25. Bb4 Bb5 26. Rd1 e6
27. a4 Bc6 28. Bd6 Rd8 29. Rc1 Bh6 30. Rc3 f6 31. Bc7 Rd7 32. Bd6 Bg7 33. Kf2
Bxf3 34. Rc8+ Kf7 35. Kxf3 fxe5 36. Rc7 Rxc7 37. Bxc7 Ke7 38. Ke4 Kd7 39. Bxe5
Bxe5 40. Kxe5 Ke7 41. g3 h6 42. h3 a5 43. Kd4 Kd6 44. Ke4 e5 45. h4 h5 46. Kd3
Kd5 47. Ke3 e4 48. Kf4 Kd4 49. Kg5 e3 50. Kxg6 e2 51. Kxh5 e1=Q 52. g4 Qe5+ 53.
g5 Kc3 54. Kh6 Qh8+ 55. Kg6 Qxh4 56. Kf6 Kxb3 57. Kf5 Kxa4 58. g6 Qg3 59. Kf6
b5 60. g7 Qxg7+ 0-1

[Event "DEM U12/U12w 2000"]
[Site "Überlingen GER"]
[Date "2000.06.09"]
[Round "10"]
[White "Schneider, Christian"]
[Black "Müller, Christian"]
[Result "1/2-1/2"]
[Termination "normal"]
[Board "31"]
[WhiteElo "1028"]
[BlackElo "914"]
[PlyCount "21"]
[WhiteFideId "24613886"]
[EventCountry "GER"]
[EventRounds "11"]
[EventType "swiss"]
[EventDate "2000.06.03"]

1. d4 d5 2. c4 e6 3. e3 Nf6 4. Nc3 c6 5. Nf3 Bd6 6. cxd5 exd5 7. Bd3 Bg4 8. O-O
O-O 9. Bd2 Re8 10. h3 Bh5 11. Be2 1/2-1/2

[Event "DEM U12/U12w 2000"]
[Site "Überlingen GER"]
[Date "2000.06.09"]
[Round "10"]
[White "Gossmann, Anna Maria"]
[Black "Ehrhardt, Eric"]
[Result "0-1"]
[Termination "normal"]
[Board "32"]
[WhiteElo "820"]
[BlackElo "1022"]
[PlyCount "88"]
[BlackFideId "24602450"]
[EventCountry "GER"]
[EventRounds "11"]
[EventType "swiss"]
[EventDate "2000.06.03"]

1. e4 e5 2. Nf3 Nc6 3. Bc4 Bc5 4. d3 d6 5. h3 Nf6 6. Bg5 O-O 7. Nc3 Be6 8. Bb3
Nd4 9. Nxd4 Bxd4 10. Qd2 c6 11. O-O-O Bxb3 12. axb3 Qa5 13. Kb1 Nd7 14. Be7
Rfe8 15. Bxd6 c5 16. Nd5 Qa6 17. Bxc5 Bxc5 18. Nc7 Qb6 19. Nxe8 Rxe8 20. Rdf1
a5 21. c3 Qxb3 22. Qd1 Qb5 23. Kc2 a4 24. Qb1 Rc8 25. f4 exf4 26. Rxf4 Bd4 27.
Rf5 Qb3+ 28. Kd2 Bf6 29. g4 Rd8 30. g5 Be7 31. h4 Nc5 32. Rh3 Nxe4+ 33. Ke1 Nd6
34. Re5 Qb6 35. d4 Qc7 36. Rhe3 Bf8 37. Re2 Nc4 38. R5e4 Qg3+ 39. Kf1 Qf3+ 40.
Kg1 Rd5 41. Qa2 Qg3+ 42. Kh1 Rf5 43. Re1 Rf2 44. R4e2 Qh2# 0-1

[Event "DEM U12/U12w 2000"]
[Site "Überlingen GER"]
[Date "2000.06.09"]
[Round "10"]
[White "Muelenz, Claudius"]
[Black "Rath, Alina"]
[Result "1-0"]
[Termination "normal"]
[Board "33"]
[WhiteElo "1015"]
[BlackElo "912"]
[PlyCount "111"]
[BlackFideId "24607886"]
[EventCountry "GER"]
[EventRounds "11"]
[EventType "swiss"]
[EventDate "2000.06.03"]

1. d4 Nf6 2. c4 e6 3. Nc3 c5 4. e3 d5 5. Nf3 b6 6. Bd2 Bb7 7. Bd3 cxd4 8. exd4
Nc6 9. O-O dxc4 10. Bxc4 Nxd4 11. Ne5 Nc6 12. Bb5 Qc8 13. Qf3 Rb8 14. Nxc6 Bxc6
15. Bxc6+ Nd7 16. Bf4 Ke7 17. Rfd1 f5 18. Rxd7+ Kf6 19. Bxb8 Qxb8 20. Ne4+ Kg6
21. Qg3+ Qxg3 22. Nxg3 a6 23. Rb7 Bc5 24. b4 Bxb4 25. Rxb6 Bc5 26. Rxa6 Rd8 27.
Bf3 Kf6 28. Re1 Re8 29. Bd5 Kg5 30. Raxe6 Rd8 31. Be4 g6 32. a4 Rd2 33. Rf1 Ra2
34. Bc6 Bb4 35. h3 h5 36. Bb5 h4 37. Ne2 Ba5 38. Ra6 Bb4 39. Rb1 Bc5 40. Rf1
Bb4 41. g3 hxg3 42. Nxg3 f4 43. Ne4+ Kf5 44. Bd3 Ra3 45. Nd6+ Kg5 46. Nc4 Rxd3
47. Rxg6+ Kf5 48. Rb6 Bc3 49. Rb3 Ke4 50. Rc1 Kd4 51. Rbxc3 Rxc3 52. Rxc3 Kxc3
53. a5 Kxc4 54. a6 Kd3 55. a7 Ke2 56. a8=Q 1-0

[Event "DEM U12/U12w 2000"]
[Site "Überlingen GER"]
[Date "2000.06.09"]
[Round "10"]
[White "Varbelow, Richard"]
[Black "Kubernath, Max"]
[Result "1/2-1/2"]
[Termination "normal"]
[Board "34"]
[WhiteElo "968"]
[BlackElo "572"]
[PlyCount "79"]
[EventCountry "GER"]
[EventRounds "11"]
[EventType "swiss"]
[EventDate "2000.06.03"]

1. e4 c5 2. Nf3 Nc6 3. d4 cxd4 4. Nxd4 Nf6 5. Nc3 e6 6. a3 Bc5 7. Nf3 O-O 8.
Bd3 h6 9. Bf4 d5 10. e5 Nh7 11. Qd2 f6 12. Bxh6 fxe5 13. Bxh7+ Kxh7 14. Bg5 Be7
15. Bxe7 Qxe7 16. h4 Qf6 17. Ng5+ Kg8 18. f3 Qf4 19. O-O-O Qxd2+ 20. Rxd2 Bd7
21. Rf2 Rf6 22. g4 Nd4 23. Rhf1 Raf8 24. b3 a6 25. Kb2 Bc6 26. h5 b5 27. b4 Bd7
28. Nd1 Nc6 29. c3 d4 30. cxd4 Nxd4 31. Re1 Nxf3 32. Rxf3 Rxf3 33. Nxf3 Rxf3
34. Rxe5 Rf4 35. g5 Rf5 36. Rxf5 exf5 37. Kc2 Be8 38. Kd2 Bxh5 39. Nc3 Kf7 40.
Ke3 1/2-1/2

[Event "DEM U12/U12w 2000"]
[Site "Überlingen GER"]
[Date "2000.06.09"]
[Round "10"]
[White "Donners, Ricardo"]
[Black "Brehmer, Johann Hinrich"]
[Result "1/2-1/2"]
[Termination "normal"]
[Board "35"]
[WhiteElo "884"]
[BlackElo "941"]
[PlyCount "30"]
[EventCountry "GER"]
[EventRounds "11"]
[EventType "swiss"]
[EventDate "2000.06.03"]

1. e4 e5 2. d4 exd4 3. Nf3 Nc6 4. Bc4 Be7 5. Nxd4 Nf6 6. Nc3 Nxe4 7. Bxf7+ Kxf7
8. Nxe4 Nxd4 9. Qxd4 d5 10. Ng3 Re8 11. O-O Kg8 12. Nh5 Bf8 13. Bd2 Re4 14. Qc3
Rc4 15. Qg3 Rg4 1/2-1/2

[Event "DEM U12/U12w 2000"]
[Site "Überlingen GER"]
[Date "2000.06.09"]
[Round "10"]
[White "Popovic, Nathalie"]
[Black "Butschek, Tanja"]
[Result "0-1"]
[Termination "normal"]
[Board "36"]
[WhiteElo "745"]
[BlackElo "932"]
[PlyCount "76"]
[WhiteFideId "24630292"]
[BlackFideId "24604640"]
[EventCountry "GER"]
[EventRounds "11"]
[EventType "swiss"]
[EventDate "2000.06.03"]

1. d4 d5 2. c4 e6 3. Nc3 Nf6 4. Bg5 Nbd7 5. cxd5 exd5 6. Nxd5 Nxd5 7. Bxd8 Bb4+
8. Qd2 Bxd2+ 9. Kxd2 Kxd8 10. e4 N5f6 11. Bd3 Nb6 12. Rc1 Re8 13. f3 c6 14. Ne2
Be6 15. a3 Ke7 16. e5 Nfd7 17. Ng3 Kf8 18. Ne4 Kg8 19. g4 Nd5 20. h4 Nf4 21. h5
Nxd3 22. Kxd3 Bd5 23. Rhg1 Bxe4+ 24. fxe4 Rad8 25. Ke3 f6 26. g5 fxe5 27. dxe5
Rxe5 28. h6 g6 29. Rcd1 Ree8 30. Rgf1 Nc5 31. Rxd8 Rxd8 32. e5 Rf8 33. Re1 Rf5
34. Kd4 Ne6+ 35. Kd3 Rxg5 36. b4 Rg3+ 37. Kc2 Rxa3 38. Kb2 Rh3 0-1

[Event "DEM U12/U12w 2000"]
[Site "Überlingen GER"]
[Date "2000.06.09"]
[Round "10"]
[White "Tovmasian, Nelli"]
[Black "Krenz, Sarah"]
[Result "0-1"]
[Termination "time forfeit"]
[Board "37"]
[WhiteElo "702"]
[BlackElo "1122"]
[PlyCount "66"]
[WhiteFideId "24611735"]
[EventCountry "GER"]
[EventRounds "11"]
[EventType "swiss"]
[EventDate "2000.06.03"]

1. e4 c5 2. Nf3 d6 3. d4 cxd4 4. Nxd4 Nf6 5. Nc3 g6 6. Bg5 Bg7 7. Qd2 Nc6 8.
Bb5 Bd7 9. Bxc6 Bxc6 10. Nxc6 bxc6 11. h4 h5 12. f3 Rb8 13. e5 dxe5 14. O-O-O
Qxd2+ 15. Rxd2 O-O 16. Bxf6 exf6 17. Rhd1 Bh6 18. Ne4 Bxd2+ 19. Rxd2 Kg7 20.
Rd6 f5 21. Nc5 Rfc8 22. Rd7 a5 23. Ne6+ Kg8 24. Nc5 Rb5 25. Na6 Rd5 26. Rb7
Rcd8 27. b3 Kf8 28. Kb2 Rd4 29. g3 e4 30. fxe4 fxe4 31. Nc5 e3 32. Nd3 Rxd3 33.
cxd3 e2 0-1

[Event "DEM U12/U12w 2000"]
[Site "Überlingen GER"]
[Date "2000.06.09"]
[Round "10"]
[White "Dathe, Fabian"]
[Black "Schöttler, Katharina"]
[Result "1/2-1/2"]
[Termination "normal"]
[Board "38"]
[WhiteElo "1004"]
[BlackElo "668"]
[PlyCount "51"]
[EventCountry "GER"]
[EventRounds "11"]
[EventType "swiss"]
[EventDate "2000.06.03"]

1. e4 e5 2. Nf3 Nc6 3. Nc3 Nf6 4. d4 exd4 5. Nxd4 Nxe4 6. Nxe4 Qe7 7. f3 d5 8.
Nxc6 bxc6 9. Bd3 dxe4 10. fxe4 Qf6 11. Rb1 Bc5 12. Qf3 Qxf3 13. gxf3 O-O 14.
Ke2 Be6 15. b3 Rab8 16. Be3 Bxe3 17. Kxe3 Rfd8 18. Rhd1 h6 19. Rd2 Rd6 20. Rbd1
Rbd8 21. e5 R6d7 22. Be4 Rxd2 23. Rxd2 Rxd2 24. Kxd2 Bd5 25. Bxd5 cxd5 26. Kd3
1/2-1/2